|
|
|
|
| LEADER |
00000cam a2200000 7i4500 |
| 001 |
0000011335 |
| 005 |
20151222.0 |
| 008 |
071113 |
| 020 |
|
|
|a 0747580553
|
| 090 |
0 |
0 |
|a JF
|b ENG (8823)
|
| 100 |
1 |
|
|a Smith, Alexander McCall
|
| 245 |
1 |
4 |
|a The spaghetti tangle
|c Alexander McCall Smith; illustrations by Ian Bilbey
|
| 260 |
|
|
|a London :
|b Bloomsbury Publishing Plc ,
|c 2005
|
| 500 |
|
|
|a Children ages 7-9 years old (orange)
|
| 650 |
|
0 |
|a Malay fiction
|
| 650 |
|
0 |
|a Novel
|
| 700 |
1 |
|
|a Ian Bilbey
|
| 999 |
|
|
|a 0000998733
|b Book
|c Children Collection
|e Perbadanan Perpustakaan Awam Johor
|
| 999 |
|
|
|a 0000998734
|b Book
|c Children Collection
|e Cawangan Tmn. Ungku Tun Aminah
|
| 999 |
|
|
|a 0000998735
|b Book
|c Children Collection
|e Perbadanan Perpustakaan Awam Johor
|